What Does DS Stand For? - Statistics

General Stats
  • This quiz has been taken 38 times
  • The average score is 4 of 10
Answer Stats
Hint Answer % Correct
"Cat in the Hat" author Dr. Suess
88%
Marvel superhero also known as the Sorcerer Supreme Doctor Strange
66%
Often regarded as the Queen of Disco Donna Summer
44%
The not-moon from Star Wars Death Star
41%
British rockband that performed "Sultans of Swing" Dire Straits
38%
Hideo Kojima walking simulator set after the apocalypse Death Stranding
34%
Handheld Nintendo console Dual Screen
34%
Isaac Clarke survives the horrors on board the USG Ishimura Dead Space
25%
Lead singer of The Springfields Dusty Springfield
19%
Disney World shopping centre previously known as Downtown Disney Disney Springs
9%
No matching quizzes found
Score Distribution
Percent of People with Each Score
Percentile by Number Answered
Your Score History
You have not taken this quiz